RAFADAN TAYFA SAĞLIK MUHAFIZLARI (Record no. 998395)
[ view plain ]
| 000 -LEADER | |
|---|---|
| sabit uzunluktaki kontrol alanı | 00250nam a2200097Ia 4500 |
| 001 - KONTROL NUMARASI | |
| kontrol alanı | 998395 |
| 005 - EN SON İŞLEMİN TARİH VE ZAMANI | |
| kontrol alanı | 20250826221542.0 |
| 008 - SABİT-UZUNLUKTA VERİ ÖĞELERİ--GENEL BİLGİ | |
| sabit uzunluktaki kontrol alanı | 250824s9999 xx 000 0 und d |
| 245 #0 - ESER / YAZAR | |
| ESER ADI | RAFADAN TAYFA SAĞLIK MUHAFIZLARI |
| Yazar Adı | TRT ÇOCUK |
| 260 ## - YAYIN, DAĞITIM, VB. | |
| YAYIN EVİ | ERDEM ÇOCUK |
| Düşüm durumu | Kayıp durumu | Sınıflandırma Kaynağı veya raf şeması | Hasar Durumu | Ödünç verilmez | Ana kütüphane | Geçerli Kütüphane | Edinilen tarih | Toplam ödünç verme sayısı | Tam yer numarası | Barkod | Son görüntüleme tarihi | Son ödünç verme tarihi | Fiyatın geçerli olmaya başladığı tarih | Koha materyal türü |
|---|---|---|---|---|---|---|---|---|---|---|---|---|---|---|
| Dewey Ondalık Sınıflama | ŞEHİT MUSTAFA ÇUHADAR ORTAOKULU | ŞEHİT MUSTAFA ÇUHADAR ORTAOKULU | 24.08.2025 | 4 | Y5 | 10544619 | 30.03.2026 | 24.03.2026 | 26.08.2025 | Books |